000 00545cam a2200217ua 4500
020 _c150.00
041 _aeng
_h
082 _a581
_bSAL/PL
100 _aSaldanha, Cecil J .
245 _aPlants of India /
_cCecil J Saldanha.
_hTextual Documents
260 _aNew Delhi :
_bOxford & IBH Publishing company ,
_c1984.
300 _a112 ; .
365 _a150.00
500 _a**Reference
504 _a
700 1 _aDhawan, .
700 1 _aJyetsna, .
942 _cBK
999 _c10187
_d10187